[Event "Copenhagen Obro CXU New Year op"]
[Site "Copenhagen"]
[Date "2023.12.29"]
[Round "5"]
[White "Petersen, Nils"]
[Black "Wahlgreen, Noah Krug"]
[Result "0-1"]
[WhiteElo "1895"]
[BlackElo "2015"]
[PlyCount "50"]
[EventDate "2023.12.27"]
[EventType "swiss"]
[EventRounds "7"]
[EventCountry "DEN"]
[SourceTitle "CB01_2024"]
[SourceDate "2024.01.03"]
[SourceVersion "1"]
[SourceVersionDate "2024.01.03"]
[SourceQuality "1"]

1. c4 c6 2. g3 d5 3. Nf3 Nf6 4. Bg2 dxc4 5. 0-0 Nbd7 6. a4 Nc5 7. Na3 Be6 8. Ng5 Bd5 9. f3 h6 10. Nh3 e5 11. Qc2 Nb3 12. Rb1 Nd4 13. Qd1 Qb6 14. e3 Bxa3 15. bxa3 Qxb1 16. exd4 Qb6 17. Qe2 Qxd4+ 18. Nf2 0-0 19. Qd1 e4 20. fxe4 Nxe4 21. Qc2 Nxf2 22. Rxf2 Rfe8 23. Bb2 Re1+ 24. Bf1 Qe4 25. Qxe4 Bxe4 0-1

[Event "Copenhagen GoAudit op"]
[Site "Copenhagen"]
[Date "2023.11.11"]
[Round "4"]
[White "Petersen, Nils"]
[Black "Pedersen, Daniel Vesterbaek"]
[Result "0-1"]
[WhiteElo "1912"]
[BlackElo "2188"]
[PlyCount "178"]
[EventDate "2023.11.10"]
[EventType "swiss"]
[EventRounds "7"]
[EventCountry "DEN"]
[SourceTitle "CB47_2023"]
[SourceDate "2023.11.22"]
[SourceVersion "1"]
[SourceVersionDate "2023.11.22"]
[SourceQuality "1"]

1. c4 Nf6 2. g3 c5 3. Bg2 d5 4. cxd5 Nxd5 5. Nc3 Nc7 6. Nf3 Nc6 7. 0-0 e5 8. d3 Be7 9. b3 0-0 10. Bb2 Bg4 11. h3 Be6 12. Qd2 f6 13. Rfc1 Qd7 14. Kh2 Rac8 15. Ne4 Na6 16. Qd1 Rfd8 17. Ned2 Kh8 18. Nc4 Nc7 19. Ne3 Nb5 20. Nc2 b6 21. a4 Nc7 22. Ne3 Qe8 23. Nd2 Na6 24. Ndc4 Nab4 25. Nc2 Nd5 26. N2e3 Ncb4 27. Ba3 Qf7 28. Bxb4 Nxb4 29. Nc2 Nc6 30. Rab1 Bf8 31. Qe1 Qh5 32. Qf1 g5 33. N4e3 f5 34. f3 f4 35. g4 Qf7 36. Nc4 Qb7 37. Qf2 a6 38. Nd2 h6 39. Ne4 Be7 40. Bf1 Nd4 41. Na1 Kg7 42. e3 fxe3 43. Qxe3 Rf8 44. Bg2 Rf4 45. Ng3 Kg8 46. Rf1 Bd6 47. Ne4 Bf8 48. Ng3 Bd6 49. Ne4 Bf8 50. Ng3 Qc7 51. Ne2 Nxe2 52. Qxe2 Bg7 53. Kh1 Qf7 54. Nc2 b5 55. axb5 axb5 56. Ne3 Rd8 57. Rfc1 Qe7 58. Qc2 Bf8 59. Qc3 Rfd4 60. Bf1 Qf7 61. Kg2 h5 62. Be2 Bd6 63. Nf1 hxg4 64. hxg4 Bd5 65. Ng3 Rxg4 66. Kf2 Rxg3 67. Kxg3 e4+ 68. Kf2 exf3 69. Bf1 Qf4 70. Ke1 b4 71. Qd2 Qxd2+ 72. Kxd2 Bf4+ 73. Ke1 Bxc1 74. Rxc1 Bxb3 75. Rxc5 Bd5 76. Bh3 Kf7 77. Kf2 Ke7 78. Rb5 b3 79. Bg4 Bf7 80. Bxf3 Rxd3 81. Rxg5 Kd6 82. Rb5 Bc4 83. Rb8 Kc5 84. Be4 Rd1 85. Bg6 Rd6 86. Be4 Kd4 87. Bb1 Kc3 88. Ke1 Rf6 89. Bd3 Bxd3 0-1

[Event "Copenhagen Obro New Year op"]
[Site "Copenhagen"]
[Date "2018.12.29"]
[Round "4"]
[White "Petersen, Nils"]
[Black "Nielsen, Viktor Haarmark"]
[Result "0-1"]
[WhiteElo "1993"]
[BlackElo "2240"]
[PlyCount "94"]
[EventDate "2018.12.27"]
[EventType "swiss"]
[EventRounds "7"]
[EventCountry "DEN"]
[SourceTitle "CBM 189 Extra"]
[Source "ChessBase"]
[SourceDate "2019.06.03"]
[SourceVersion "1"]
[SourceVersionDate "2019.06.03"]
[SourceQuality "1"]

1. c4 g6 2. g3 Bg7 3. Bg2 d6 4. Nc3 e5 5. e4 Nf6 6. Nge2 0-0 7. 0-0 c6 8. d3 Be6 9. h3 d5 10. b3 a5 11. Bg5 d4 12. Na4 Na6 13. Qd2 b5 14. Nb2 Nc5 15. Rad1 Qc8 16. Kh2 Nfd7 17. Bh6 b4 18. Bxg7 Kxg7 19. f4 f6 20. f5 Bf7 21. h4 a4 22. bxa4 Nxa4 23. Nxa4 Rxa4 24. fxg6 hxg6 25. Bh3 Qd8 26. Bxd7 Qxd7 27. Nc1 Qg4 28. Qg2 Be6 29. Rd2 Ra7 30. Ne2 Rh8 31. Kg1 g5 32. Qf3 Qxf3 33. Rxf3 Bg4 34. Rf2 Bxe2 35. Rfxe2 gxh4 36. gxh4 Rxh4 37. Rg2+ Kf7 38. Rh2 Rxh2 39. Kxh2 Ke6 40. Kg3 f5 41. exf5+ Kxf5 42. Rf2+ Ke6 43. Rb2 c5 44. Kf3 Rf7+ 45. Ke2 Rh7 46. Kf1 Rh1+ 47. Kg2 Rd1 0-1

[Event "Copenhagen Obro New Year op"]
[Site "Copenhagen"]
[Date "2017.??.??"]
[Round "1"]
[White "Petersen, Nils"]
[Black "Bromann, Thorbjorn"]
[Result "0-1"]
[WhiteElo "2004"]
[BlackElo "2385"]
[PlyCount "60"]
[EventDate "2017.12.27"]
[EventType "swiss"]
[EventRounds "7"]
[EventCountry "DEN"]
[SourceTitle "CBM 182 Extra"]
[Source "ChessBase"]
[SourceDate "2018.02.23"]
[SourceVersion "1"]
[SourceVersionDate "2018.02.23"]
[SourceQuality "1"]

1. c4 e5 2. g3 Nc6 3. Nc3 d6 4. Bg2 Be6 5. d3 Qd7 6. e4 f5 7. b3 g6 8. Nge2 Bg7 9. 0-0 h5 10. h4 Nh6 11. Bd2 f4 12. gxf4 Qd8 13. f5 gxf5 14. Bg5 Qd7 15. exf5 Bxf5 16. Ng3 Bg4 17. f3 Be6 18. Nxh5 Nf5 19. Nxg7+ Qxg7 20. Kf2 Nxh4 21. Bxh4 Rxh4 22. Rh1 Qh6 23. Ne4 0-0-0 24. Qd2 Qxd2+ 25. Nxd2 Rd4 26. Bf1 Nb4 27. Ne4 Nxd3+ 28. Bxd3 Rxd3 29. Ke2 Rd4 30. Rh5 Rxe4+ 0-1

[Event "Amager AMSF Gr1"]
[Site "Amager"]
[Date "2016.09.27"]
[Round "5"]
[White "Lunding, Peter M"]
[Black "Petersen, Nils"]
[Result "1/2-1/2"]
[WhiteElo "1866"]
[BlackElo "1956"]
[PlyCount "24"]
[EventDate "2016.08.16"]
[EventType "tourn"]
[EventRounds "7"]
[EventCountry "DEN"]
[SourceTitle "EXT 2023"]
[Source "ChessBase"]
[SourceDate "2022.10.05"]
[SourceVersion "1"]
[SourceVersionDate "2022.10.05"]
[SourceQuality "1"]

1. d4 Nf6 2. Nf3 e6 3. Bg5 h6 4. Bh4 c5 5. e3 Qb6 6. Qc1 d6 7. c3 Be7 8. Bd3 Nc6 9. Nbd2 e5 10. Nc4 Qc7 11. dxe5 dxe5 12. a4 Bg4 1/2-1/2

[Event "Amager AMSF Gr1"]
[Site "Amager"]
[Date "2016.09.13"]
[Round "4"]
[White "Petersen, Nils"]
[Black "Hestehauge, Klaus"]
[Result "1-0"]
[WhiteElo "1956"]
[BlackElo "1888"]
[PlyCount "113"]
[EventDate "2016.08.16"]
[EventType "tourn"]
[EventRounds "7"]
[EventCountry "DEN"]
[SourceTitle "EXT 2023"]
[Source "ChessBase"]
[SourceDate "2022.10.05"]
[SourceVersion "1"]
[SourceVersionDate "2022.10.05"]
[SourceQuality "1"]

1. c4 e5 2. g3 Nc6 3. Nc3 g6 4. Bg2 Bg7 5. e4 d6 6. Nge2 Nge7 7. 0-0 0-0 8. d3 Be6 9. Be3 Qd7 10. Nd5 f5 11. Qd2 Nd4 12. Nxd4 exd4 13. Nxe7+ Qxe7 14. Bg5 Qd7 15. exf5 Bxf5 16. Bxb7 Rab8 17. Bg2 Bh3 18. b3 Bxg2 19. Kxg2 Rf5 20. h4 Qc6+ 21. Kg1 Rbf8 22. Rae1 Qf3 23. Qe2 Be5 24. Qxf3 Rxf3 25. Rd1 Kg7 26. Kg2 R3f7 27. f4 Bf6 28. Rde1 h6 29. Bxf6+ Rxf6 30. Re4 c5 31. Rfe1 R8f7 32. Kf3 g5 33. hxg5 hxg5 34. Re7 gxf4 35. Rxf7+ Kxf7 36. gxf4 a5 37. Re2 Rh6 38. f5 Rh3+ 39. Ke4 Kf6 40. a3 Rh4+ 41. Kd5 Rh3 42. Kxd6 Rxd3 43. Kxc5 Rxb3 44. Kxd4 Rxa3 45. c5 Ra1 46. Rc2 Ke7 47. c6 Kd8 48. f6 Rf1 49. Ke5 a4 50. c7+ Kc8 51. Ke6 a3 52. f7 Re1+ 53. Kd6 Rf1 54. Ke7 Re1+ 55. Kf8 a2 56. Rxa2 Kxc7 57. Rg2 1-0

[Event "Amager-ch"]
[Site "Amager"]
[Date "2015.10.20"]
[Round "7"]
[White "Petersen, Nils"]
[Black "Frank Nielsen, Marie"]
[Result "1-0"]
[WhiteElo "1906"]
[BlackElo "1926"]
[PlyCount "97"]
[EventDate "2015.08.18"]
[EventType "swiss"]
[EventRounds "7"]
[EventCountry "DEN"]
[SourceTitle "EXT 2023"]
[Source "ChessBase"]
[SourceDate "2022.10.05"]
[SourceVersion "1"]
[SourceVersionDate "2022.10.05"]
[SourceQuality "1"]

1. c4 Nf6 2. g3 g6 3. Bg2 Bg7 4. Nc3 0-0 5. e4 d6 6. Nge2 c5 7. 0-0 Nc6 8. d3 a6 9. a3 Rb8 10. Rb1 Ne8 11. Be3 Nc7 12. d4 cxd4 13. Nxd4 Ne6 14. Nxe6 Bxe6 15. Nd5 b5 16. cxb5 axb5 17. Rc1 Bd7 18. Qd2 Re8 19. Rc2 e6 20. Nb4 Nxb4 21. Qxb4 Bf8 22. Rfc1 e5 23. Qd2 Rc8 24. Bf1 Rxc2 25. Qxc2 Qf6 26. Qd2 Qf3 27. Bg2 Qh5 28. f3 f5 29. Qd5+ Be6 30. Qxb5 Bf7 31. Qd3 d5 32. exd5 e4 33. fxe4 fxe4 34. Qd1 Qf5 35. d6 Rd8 36. Bc5 Bh6 37. Bb6 Bxc1 38. Bxd8 Qc5+ 39. Kh1 e3 40. Bf6 e2 41. Qxe2 Qxd6 42. Bc3 Bh6 43. Bf3 Bd5 44. Kg2 g5 45. Bxd5+ Qxd5+ 46. Qf3 Qb3 47. Qe4 Qd1 48. Qe8+ Bf8 49. Qe6# 1-0

[Event "Amager-ch"]
[Site "Amager"]
[Date "2015.08.18"]
[Round "1"]
[White "Petersen, Nils"]
[Black "Andersen, Peter"]
[Result "1-0"]
[WhiteElo "1906"]
[BlackElo "1471"]
[PlyCount "35"]
[EventDate "2015.08.18"]
[EventType "swiss"]
[EventRounds "7"]
[EventCountry "DEN"]
[SourceTitle "EXT 2023"]
[Source "ChessBase"]
[SourceDate "2022.10.05"]
[SourceVersion "1"]
[SourceVersionDate "2022.10.05"]
[SourceQuality "1"]

1. c4 Nf6 2. g3 g6 3. Bg2 Bg7 4. Nc3 c6 5. e4 d6 6. Nge2 e5 7. 0-0 0-0 8. d3 Bg4 9. f3 Be6 10. Be3 Nbd7 11. Qd2 d5 12. cxd5 cxd5 13. d4 exd4 14. Nxd4 Qe7 15. Nxe6 fxe6 16. exd5 exd5 17. Nxd5 Qe6 18. Nc7 1-0

[Event "Amager-ch A"]
[Site "Amager"]
[Date "2014.10.21"]
[Round "7"]
[White "Petersen, Nils"]
[Black "Moller, Arne Vagn"]
[Result "1-0"]
[WhiteElo "1848"]
[BlackElo "1806"]
[PlyCount "133"]
[EventDate "2014.08.19"]
[EventType "tourn"]
[EventRounds "7"]
[EventCountry "DEN"]
[SourceTitle "EXT 2023"]
[Source "ChessBase"]
[SourceDate "2022.10.05"]
[SourceVersion "1"]
[SourceVersionDate "2022.10.05"]
[SourceQuality "1"]

1. c4 c5 2. g3 Nc6 3. Bg2 Nf6 4. Nf3 g6 5. Nc3 Bg7 6. d4 cxd4 7. Nxd4 0-0 8. 0-0 Nxd4 9. Qxd4 d6 10. Qd3 Nd7 11. b3 Ne5 12. Qd2 a6 13. Bb2 Rb8 14. Rfd1 Be6 15. Ne4 f6 16. f4 Nc6 17. Rac1 Bf7 18. e3 h6 19. Nf2 Kh7 20. h4 Qb6 21. Be4 e5 22. f5 Ne7 23. fxg6+ Bxg6 24. Bxg6+ Nxg6 25. h5 Ne7 26. Bc3 Qc6 27. Qd3+ Kh8 28. Qe4 Rbc8 29. Qxc6 Rxc6 30. Ne4 Nf5 31. Kf2 Rfc8 32. g4 Ne7 33. Nxd6 R8c7 34. Bb4 Nc8 35. Nf5 Rf7 36. Rd8+ Kh7 37. Rcd1 Nb6 38. Ba5 Bf8 39. Bxb6 Rxb6 40. R8d7 Rxd7 41. Rxd7+ Kg8 42. Ne7+ Bxe7 43. Rxe7 a5 44. Re8+ Kf7 45. Ra8 f5 46. gxf5 Kf6 47. e4 Kg5 48. Rxa5 Kf4 49. c5 Rc6 50. b4 Kxe4 51. Ra3 Kxf5 52. Rg3 Ra6 53. a3 Ke4 54. Ke2 Kd4 55. Kd2 e4 56. Kc2 Rf6 57. Rg6 Rf3 58. Rd6+ Kc4 59. Rxh6 Rxa3 60. Rb6 Rh3 61. Rxb7 Rh2+ 62. Kd1 Kd3 63. Rd7+ Kc4 64. c6 Rh1+ 65. Ke2 Kxb4 66. c7 Rc1 67. h6 1-0

[Event "Amager-ch A"]
[Site "Amager"]
[Date "2013.10.01"]
[Round "6"]
[White "Petersen, Nils"]
[Black "Nielsen, Jens Holm"]
[Result "1-0"]
[WhiteElo "1891"]
[BlackElo "1704"]
[PlyCount "61"]
[EventDate "2013.08.20"]
[EventType "tourn"]
[EventRounds "9"]
[EventCountry "DEN"]
[SourceTitle "EXT 2023"]
[Source "ChessBase"]
[SourceDate "2022.10.05"]
[SourceVersion "1"]
[SourceVersionDate "2022.10.05"]
[SourceQuality "1"]

1. c4 g6 2. g3 c5 3. Bg2 Nc6 4. Nc3 Bg7 5. Nf3 e5 6. 0-0 Nge7 7. Ne1 0-0 8. Nc2 d6 9. Ne3 Rb8 10. a4 Be6 11. Ned5 a6 12. d3 b6 13. Rb1 Qd7 14. Re1 Kh8 15. Nxe7 Nxe7 16. b4 f5 17. e4 f4 18. f3 g5 19. g4 Ng6 20. Ba3 Nh4 21. h3 h5 22. Kf2 hxg4 23. hxg4 Bxg4 24. fxg4 Nxg2 25. Kxg2 f3+ 26. Kf2 Qxg4 27. Rh1+ Kg8 28. Qg1 Qf4 29. Bc1 Qf7 30. Bxg5 cxb4 31. Nd5 1-0

[Event "Amager-ch A"]
[Site "Amager"]
[Date "2013.09.10"]
[Round "4"]
[White "Petersen, Nils"]
[Black "Raad, Mads Bonde"]
[Result "0-1"]
[WhiteElo "1891"]
[BlackElo "1765"]
[PlyCount "38"]
[EventDate "2013.08.20"]
[EventType "tourn"]
[EventRounds "9"]
[EventCountry "DEN"]
[SourceTitle "EXT 2023"]
[Source "ChessBase"]
[SourceDate "2022.10.05"]
[SourceVersion "1"]
[SourceVersionDate "2022.10.05"]
[SourceQuality "1"]

1. c4 Nf6 2. g3 c6 3. Nf3 d5 4. Bg2 Nbd7 5. cxd5 cxd5 6. d4 e6 7. 0-0 Bd6 8. Nc3 0-0 9. e4 dxe4 10. Ng5 Nb6 11. Ngxe4 Nxe4 12. Nxe4 Bc7 13. Nc3 Qf6 14. Be3 Rd8 15. Qb3 Bd7 16. Bxb7 Rab8 17. Ne4 Qf3 18. Nc5 Rxb7 19. Nxb7 Bc6 0-1

[Event "Copenhagen Obro New Year op"]
[Site "Copenhagen"]
[Date "2012.12.30"]
[Round "7"]
[White "Christensen, Christian Winther"]
[Black "Petersen, Nils"]
[Result "1/2-1/2"]
[WhiteElo "2042"]
[BlackElo "1957"]
[PlyCount "28"]
[EventDate "2012.12.27"]
[EventType "swiss"]
[EventRounds "7"]
[EventCountry "DEN"]
[SourceTitle "CBM 152 Extra"]
[Source "ChessBase"]
[SourceDate "2013.02.25"]
[SourceVersion "1"]
[SourceVersionDate "2013.02.25"]
[SourceQuality "1"]

1. Nf3 c5 2. c4 Nc6 3. Nc3 g6 4. g3 Bg7 5. Bg2 Nf6 6. d4 cxd4 7. Nxd4 0-0 8. 0-0 a6 9. Nc2 d6 10. Qd2 Be6 11. Ne3 Rc8 12. b3 Qa5 13. Bb2 b5 14. cxb5 axb5 1/2-1/2

[Event "Borup op 6th"]
[Site "Borup"]
[Date "2012.09.20"]
[Round "5"]
[White "Pedersen, Sven"]
[Black "Petersen, Nils"]
[Result "1/2-1/2"]
[WhiteElo "2121"]
[BlackElo "1958"]
[PlyCount "52"]
[EventDate "2012.09.14"]
[EventType "swiss"]
[EventRounds "9"]
[EventCountry "DEN"]
[SourceTitle "CBM 150 Extra"]
[Source "ChessBase"]
[SourceDate "2012.10.19"]
[SourceVersion "1"]
[SourceVersionDate "2012.10.19"]
[SourceQuality "1"]

1. e4 c5 2. Nf3 e6 3. d4 cxd4 4. Nxd4 Nc6 5. Nc3 a6 6. Be2 Nf6 7. 0-0 Bb4 8. Bg5 h6 9. Bh4 Be7 10. Bg3 d6 11. Qd2 Nxd4 12. Qxd4 e5 13. Qd3 0-0 14. f4 Qc7 15. Kh1 b5 16. Bf3 Bb7 17. Nd5 Nxd5 18. exd5 exf4 19. Bxf4 Qc4 20. Qxc4 bxc4 21. Rfe1 Rfe8 22. Re4 g5 23. Rae1 Bxd5 24. Rxe7 Rxe7 25. Rxe7 Bxf3 26. Bxd6 Rd8 1/2-1/2

[Event "Borup op 6th"]
[Site "Borup"]
[Date "2012.09.16"]
[Round "4"]
[White "Petersen, Nils"]
[Black "Jorgensen, Alexander Torp"]
[Result "1-0"]
[WhiteElo "1958"]
[BlackElo "1584"]
[PlyCount "37"]
[EventDate "2012.09.14"]
[EventType "swiss"]
[EventRounds "9"]
[EventCountry "DEN"]
[SourceTitle "CBM 150 Extra"]
[Source "ChessBase"]
[SourceDate "2012.10.19"]
[SourceVersion "1"]
[SourceVersionDate "2012.10.19"]
[SourceQuality "1"]

1. c4 f5 2. g3 e5 3. d4 e4 4. Bg2 Nf6 5. Nc3 c6 6. Bg5 h6 7. Bxf6 Qxf6 8. e3 Na6 9. a3 Nc7 10. Nge2 g5 11. f3 d5 12. 0-0 Qd6 13. fxe4 dxe4 14. d5 c5 15. g4 Qe5 16. gxf5 Bxf5 17. Ng3 Bd6 18. Rxf5 Qe7 19. Qh5+ 1-0

[Event "Amager Aabne CC-ch"]
[Site "Amager"]
[Date "2012.02.14"]
[Round "4"]
[White "Brorsen, Jacob Abildlund"]
[Black "Petersen, Nils"]
[Result "1-0"]
[WhiteElo "2101"]
[BlackElo "1873"]
[PlyCount "79"]
[EventDate "2012.01.10"]
[EventType "swiss"]
[EventRounds "7"]
[EventCountry "DEN"]
[SourceTitle "EXT 2023"]
[Source "ChessBase"]
[SourceDate "2022.10.05"]
[SourceVersion "1"]
[SourceVersionDate "2022.10.05"]
[SourceQuality "1"]

1. d4 Nf6 2. Nf3 e6 3. g3 c5 4. Bg2 Nc6 5. 0-0 cxd4 6. Nxd4 Be7 7. c4 0-0 8. Nc3 a6 9. Nc2 Qc7 10. Ne3 Rb8 11. a4 Na5 12. Qd3 Nb3 13. Ncd5 exd5 14. Qxb3 dxc4 15. Qxc4 Qxc4 16. Nxc4 d6 17. Rd1 Rd8 18. Bf4 Ne8 19. a5 Be6 20. Nb6 g5 21. Be3 Nc7 22. Rac1 Nb5 23. Be4 Bf6 24. Rd2 h6 25. Kg2 Bg7 26. f4 f6 27. f5 Bf7 28. Rdc2 Re8 29. Rc8 Rbxc8 30. Rxc8 Rxc8 31. Nxc8 d5 32. Ne7+ Kf8 33. Nxd5 Ke8 34. Bc5 Kd7 35. Nb6+ Kc7 36. Kf3 Be8 37. Nd5+ Kc6 38. Be7 Nd4+ 39. Kf2 Kb5 40. Nc7+ 1-0

[Event "Copenhagen-ch Obro 75th"]
[Site "Copenhagen"]
[Date "2011.10.17"]
[Round "4"]
[White "Petersen, Nils"]
[Black "Petersen, Martin Reib"]
[Result "1/2-1/2"]
[WhiteElo "2035"]
[BlackElo "1969"]
[PlyCount "89"]
[EventDate "2011.10.14"]
[EventType "swiss"]
[EventRounds "9"]
[EventCountry "DEN"]
[SourceTitle "EXT 2018"]
[Source "ChessBase"]
[SourceDate "2017.10.13"]
[SourceVersion "1"]
[SourceVersionDate "2017.10.13"]
[SourceQuality "1"]

1. c4 e5 2. g3 d6 3. Nc3 g6 4. Bg2 Bg7 5. e4 Ne7 6. Nge2 Nbc6 7. d3 h6 8. 0-0 0-0 9. Be3 Nd4 10. Bxd4 exd4 11. Nd5 c6 12. Nxe7+ Qxe7 13. Qd2 Be6 14. Nf4 Rad8 15. Rfe1 Qd7 16. Rac1 Kh7 17. b4 f5 18. Nxe6 Qxe6 19. Bh3 Qf7 20. exf5 gxf5 21. f4 Qh5 22. Kg2 d5 23. c5 Rde8 24. Rxe8 Rxe8 25. Re1 Rxe1 26. Qxe1 Qf7 27. Qe2 h5 28. Kf2 Kh6 29. Bg2 Bf6 30. h3 Qe7 31. Qxe7 Bxe7 32. Bf3 b6 33. cxb6 axb6 34. b5 cxb5 35. Bxd5 Bd6 36. Kf3 Kg6 37. Bc6 b4 38. Be8+ Kh6 39. h4 Bc5 40. Bf7 b3 41. Bxb3 Bb4 42. Ke2 Bc3 43. a4 Bb4 44. Bf7 Bc3 45. Kd1 1/2-1/2

[Event "Amager-ch"]
[Site "Amager"]
[Date "2011.10.04"]
[Round "5"]
[White "Petersen, Nils"]
[Black "Nielsen, Mogens Bach"]
[Result "1-0"]
[WhiteElo "1985"]
[BlackElo "1804"]
[PlyCount "81"]
[EventDate "2011.08.30"]
[EventType "swiss"]
[EventRounds "7"]
[EventCountry "DEN"]
[SourceTitle "EXT 2023"]
[Source "ChessBase"]
[SourceDate "2022.10.05"]
[SourceVersion "1"]
[SourceVersionDate "2022.10.05"]
[SourceQuality "1"]

1. c4 c5 2. g3 g6 3. Bg2 Bg7 4. Nc3 Nc6 5. Nf3 e5 6. d3 Nge7 7. Bg5 d6 8. Qd2 h6 9. Bxe7 Nxe7 10. 0-0 0-0 11. Rab1 Be6 12. e4 Qc8 13. b4 Bh3 14. Bxh3 Qxh3 15. bxc5 dxc5 16. Rxb7 Qe6 17. Nd5 Nxd5 18. cxd5 Qd6 19. Qb2 f5 20. Nd2 f4 21. f3 fxg3 22. hxg3 Qf6 23. f4 Qa6 24. Nc4 Rae8 25. Qb5 Qxb5 26. Rxb5 exf4 27. gxf4 Rb8 28. Rxb8 Bd4+ 29. Kg2 Rxb8 30. e5 Kf7 31. Kf3 h5 32. Ke4 h4 33. Kf3 Rd8 34. Nd6+ Ke7 35. Kg4 Rf8 36. Rb1 Bf2 37. Rb7+ Kd8 38. Rxa7 Rxf4+ 39. Kxf4 Bg3+ 40. Kg4 Bxe5 41. Nf7+ 1-0

[Event "Amager-ch"]
[Site "Amager"]
[Date "2011.09.06"]
[Round "2"]
[White "Lunding, Peter M"]
[Black "Petersen, Nils"]
[Result "1/2-1/2"]
[WhiteElo "1928"]
[BlackElo "1985"]
[PlyCount "35"]
[EventDate "2011.08.30"]
[EventType "swiss"]
[EventRounds "7"]
[EventCountry "DEN"]
[SourceTitle "EXT 2023"]
[Source "ChessBase"]
[SourceDate "2022.10.05"]
[SourceVersion "1"]
[SourceVersionDate "2022.10.05"]
[SourceQuality "1"]

1. d4 Nf6 2. Nf3 e6 3. Bg5 h6 4. Bh4 c5 5. e3 b6 6. c3 Bb7 7. Nbd2 Be7 8. Bd3 Nc6 9. 0-0 0-0 10. Qe2 d5 11. Rad1 Re8 12. Bb1 Nd7 13. Bxe7 Qxe7 14. dxc5 bxc5 15. c4 Nce5 16. Nxe5 Nxe5 17. f4 Nd7 18. e4 1/2-1/2

[Event "Politiken Cup 33rd"]
[Site "Helsingor"]
[Date "2011.08.06"]
[Round "9"]
[White "Petersen, Nils"]
[Black "Marshall, Michael"]
[Result "1-0"]
[WhiteElo "2051"]
[BlackElo "1918"]
[PlyCount "133"]
[EventDate "2011.07.30"]
[EventType "swiss"]
[EventRounds "10"]
[EventCountry "DEN"]
[SourceTitle "CBM 143 Extra"]
[Source "ChessBase"]
[SourceDate "2011.08.29"]
[SourceVersion "1"]
[SourceVersionDate "2011.08.29"]
[SourceQuality "1"]

1. c4 c5 2. g3 Nc6 3. Bg2 g6 4. Nf3 Bg7 5. 0-0 d6 6. Nc3 e5 7. d3 Nge7 8. e4 0-0 9. Be3 Rb8 10. Qd2 Nd4 11. Ne1 Be6 12. f4 f5 13. fxe5 Bxe5 14. Bh6 Bg7 15. Bxg7 Kxg7 16. Nc2 Nec6 17. Ne2 Nxe2+ 18. Qxe2 Qd7 19. Qd2 fxe4 20. Bxe4 d5 21. cxd5 Bxd5 22. Qc3+ Kg8 23. Qxc5 Bxe4 24. dxe4 Rbd8 25. Rxf8+ Rxf8 26. Qd5+ Qxd5 27. exd5 Ne5 28. Rf1 Rd8 29. Ne3 Kg7 30. a3 a5 31. Rc1 Rd7 32. Rc5 b6 33. Rb5 Rd6 34. Kg2 Kf6 35. g4 Ke7 36. Kg3 Kf7 37. Rb3 Ke7 38. Kf4 Nf7 39. g5 Kd7 40. Rb5 Kc7 41. Nc4 Rd8 42. a4 Rc8 43. Kg4 Rd8 44. h4 Rb8 45. Rb3 Nd6 46. Ne5 Nf5 47. Rd3 Re8 48. Rc3+ Kd6 49. Nc4+ Kxd5 50. Nxb6+ Kd4 51. Rc4+ Kd3 52. Rf4 Re3 53. Rc4 Re7 54. b3 Ne3+ 55. Kf3 Nxc4 56. Nxc4 Re4 57. Nxa5 Rxh4 58. Nc6 Rh1 59. a5 Rf1+ 60. Kg4 Ke4 61. b4 Rg1+ 62. Kh3 Rxg5 63. a6 Rf5 64. a7 Rh5+ 65. Kg4 Rh1 66. a8Q Rg1+ 67. Kh3 1-0

[Event "Politiken Cup 33rd"]
[Site "Helsingor"]
[Date "2011.08.05"]
[Round "8"]
[White "Hoel, Jorgen"]
[Black "Petersen, Nils"]
[Result "0-1"]
[WhiteElo "1851"]
[BlackElo "2051"]
[PlyCount "86"]
[EventDate "2011.07.30"]
[EventType "swiss"]
[EventRounds "10"]
[EventCountry "DEN"]
[SourceTitle "CBM 143 Extra"]
[Source "ChessBase"]
[SourceDate "2011.08.29"]
[SourceVersion "1"]
[SourceVersionDate "2011.08.29"]
[SourceQuality "1"]

1. d4 Nf6 2. Bg5 Ne4 3. Bf4 d5 4. f3 Nf6 5. e4 e6 6. e5 Nfd7 7. Be3 c5 8. c3 Qb6 9. Qd2 Nc6 10. f4 g6 11. Nf3 cxd4 12. cxd4 Na5 13. Nc3 a6 14. Bd3 Qc7 15. 0-0 b5 16. Rac1 Qb6 17. g4 h5 18. h3 Bb7 19. f5 gxf5 20. gxf5 Nc4 21. Bxc4 dxc4 22. f6 Rd8 23. Qf2 Bh6 24. Bxh6 Rxh6 25. Ng5 Rg6 26. h4 b4 27. Ne2 Qc6 28. Kh2 Nxe5 29. dxe5 Rd2 30. Rfd1 Rxb2 31. Rd6 Qb5 32. Rcd1 Qxe5+ 33. Kg1 Bd5 34. R1xd5 exd5 35. Qb6 Rxg5+ 36. hxg5 Qxg5+ 37. Kh1 Qh4+ 38. Kg1 Qe1+ 39. Kg2 Rxe2+ 40. Kh3 Re3+ 41. Kg2 Qg3+ 42. Kh1 Re1+ 43. Qg1 Rxg1# 0-1

[Event "Amager Spring A"]
[Site "Amager"]
[Date "2011.05.31"]
[Round "4"]
[White "Varming, Thomas"]
[Black "Petersen, Nils"]
[Result "0-1"]
[WhiteElo "1782"]
[BlackElo "2002"]
[PlyCount "78"]
[EventDate "2011.05.10"]
[EventType "tourn"]
[EventRounds "5"]
[EventCountry "DEN"]
[SourceTitle "EXT 2023"]
[Source "ChessBase"]
[SourceDate "2022.10.05"]
[SourceVersion "1"]
[SourceVersionDate "2022.10.05"]
[SourceQuality "1"]

1. d4 Nf6 2. c4 e6 3. Nc3 Bb4 4. a3 Bxc3+ 5. bxc3 c5 6. e3 0-0 7. Bd3 d6 8. Ne2 Nc6 9. 0-0 e5 10. d5 Ne7 11. Ng3 g6 12. f4 Ne8 13. f5 f6 14. fxg6 hxg6 15. e4 Kg7 16. Be2 Rh8 17. Bg4 Rh4 18. Bxc8 Rxc8 19. Qf3 Ng8 20. Ne2 Qd7 21. h3 Rc7 22. g4 Kh8 23. Kh2 Ng7 24. Be3 Rh7 25. Kg2 Rc8 26. Qf2 Rf8 27. Ng1 f5 28. exf5 gxf5 29. gxf5 Nxf5 30. Kh2 Rff7 31. Qd2 Nf6 32. Bg5 Ne4 33. Qc1 Nfg3 34. Rxf7 Qxf7 35. Qe3 Qf5 36. Bd8 Rf7 37. Qh6+ Kg8 38. Ra2 Qf2+ 39. Rxf2 Rxf2# 0-1

[Event "Amager-ch"]
[Site "Amager"]
[Date "2010.10.19"]
[Round "7"]
[White "Petersen, Nils"]
[Black "Aabling Thomsen, Jakob"]
[Result "0-1"]
[WhiteElo "2039"]
[BlackElo "2326"]
[PlyCount "58"]
[EventDate "2010.08.24"]
[EventType "swiss"]
[EventRounds "7"]
[EventCountry "DEN"]
[SourceTitle "EXT 2023"]
[Source "ChessBase"]
[SourceDate "2022.10.05"]
[SourceVersion "1"]
[SourceVersionDate "2022.10.05"]
[SourceQuality "1"]

1. c4 e5 2. g3 Nf6 3. Bg2 Nc6 4. Nc3 Bb4 5. Nd5 Bc5 6. e3 0-0 7. Ne2 Nxd5 8. cxd5 Ne7 9. 0-0 d6 10. d4 Bb6 11. b3 Ng6 12. Bb2 f5 13. dxe5 dxe5 14. Kh1 f4 15. exf4 exf4 16. Nd4 Qg5 17. Nf3 Qh6 18. Ng1 Bd7 19. Bd4 Rf5 20. Bf3 Ne5 21. Bxe5 Rxe5 22. Qd2 Rf8 23. Rae1 Rxe1 24. Qxe1 Bb5 25. Be2 fxg3 26. fxg3 Re8 27. Bxb5 Rxe1 28. Rxe1 Bxg1 29. Kxg1 Qb6+ 0-1